The Colonial foundations of Zambia's land tenure system (Record no. 79466)

MARC details
000 -LEADER
fixed length control field 01013nam a2200193 a 4500
008 - FIXED-LENGTH DATA ELEMENTS--GENERAL INFORMATION
fixed length control field 120416s1980 ||||||||||||||||| || u
050 ## - LIBRARY OF CONGRESS CALL NUMBER
Classification number HD 993 Mvu
100 ## - MAIN ENTRY--PERSONAL NAME
Personal name Mvunga, Mphanza Patrick
245 14 - TITLE STATEMENT
Title The Colonial foundations of Zambia's land tenure system
260 ## - PUBLICATION, DISTRIBUTION, ETC.
Place of publication, distribution, etc. Lusaka
Name of publisher, distributor, etc. Neczam
Date of publication, distribution, etc. 1980
300 ## - PHYSICAL DESCRIPTION
Extent 47p. : ill.
350 ## -
-- 0.00
650 ## - SUBJECT ADDED ENTRY--TOPICAL TERM
Topical term or geographic name entry element LAND TENURE--ZAMBIA
650 ## - SUBJECT ADDED ENTRY--TOPICAL TERM
Topical term or geographic name entry element LAND
995 ## -
-- BINDERY (DAMAGED)
-- 0.00
-- 706606
-- CBU-MAIN LIBRARY (Kitwe)
-- 2
-- 0.00
-- HD 993 Mvu
-- 3
-- DAMAGED
-- 706606
-- Main Library Open Access Collection
995 ## -
-- SPECIAL COLLECTIONS
-- 0.00
-- 728765
-- CBU-MAIN LIBRARY (Kitwe)
-- 3
-- 0.00
-- ZAM HD 993 MVU
-- 1
-- AVAILABLE
-- Mar 9, 2022
-- 004770
-- Zambiana Collection
995 ## -
-- SPECIAL COLLECTIONS
-- 0.00
-- 706604
-- CBU-MAIN LIBRARY (Kitwe)
-- 1
-- 0.00
-- ZAM HD 993 MVU
-- 2
-- AVAILABLE
-- May 10, 2007
-- 025928
-- Zambiana Collection
995 ## -
-- MAIN LIBRARY OPEN ACCESS
-- 0.00
-- 706605
-- CBU-MAIN LIBRARY (Kitwe)
-- 4
-- 0.00
-- HD 993 Mvu
-- 4
-- LOST
-- 706605
-- Main Library Open Access Collection
999 ## -
-- 79466
-- 79466
Holdings
Withdrawn status Lost status Source of classification or shelving scheme Damaged status Not for loan Permanent Location Current Location Shelving location Date acquired Total Checkouts Full call number Barcode Date last seen Copy number Price effective from Koha item type
          CBU-MAIN LIBRARY, KITWE. CBU-MAIN LIBRARY, KITWE.   06/29/2023   HD 993 Mvu 706606 06/29/2023 1 06/29/2023 MONOGRAPH
          CBU-MAIN LIBRARY, KITWE. CBU-MAIN LIBRARY, KITWE.   06/29/2023   HD 993 Mvu 004770 06/29/2023 2 06/29/2023 SPECIAL COLLECTION
          CBU-MAIN LIBRARY, KITWE. CBU-MAIN LIBRARY, KITWE.   06/29/2023   HD 993 Mvu 025928 06/29/2023 3 06/29/2023 SPECIAL COLLECTION
          CBU-MAIN LIBRARY, KITWE. CBU-MAIN LIBRARY, KITWE.   06/29/2023   HD 993 Mvu 706605 06/29/2023 4 06/29/2023 MONOGRAPH